00000000nam 2200000zi 4500
0019.901654
003CaOODSP
00520250912114258
006m     o  d f      
007cr cn|||||||||
008210714s2020    onc     ob   f000 0 eng d
040 |aCaOODSP|beng|erda|cCaOODSP
043 |an-cn---
0861 |aRv55-8/2-5-11-2020E-PDF
24500|aGuidelines for commercial air carriers for the processing of prescribed traveller information.
250 |a[August 21, 2020 edition].
264 1|aOttawa : |bCanada Border Services Agency = Agence des services frontaliers du Canada, |c2020.
300 |a1 online resource (16 pages).
336 |atext|btxt|2rdacontent
337 |acomputer|bc|2rdamedia
338 |aonline resource|bcr|2rdacarrier
4901 |aMemorandum, |x2369-2391 ; |vD2-5-11
500 |aIssued also in French under title: Lignes directrices à l'intention des transporteurs aériens commerciaux pour le traitement des renseignements réglementaires relatifs aux voyageurs.
500 |aCaption title.
500 |a"Ottawa, August 21, 2020."
500 |a"Superseded Memorandum D D2-5-11, April 17, 2018."
504 |aIncludes references.
520 |a"This memorandum has been revised to provide more precise policy direction to commercial air carriers. This update clarifies requirements for the Advance Passenger Information / Passenger Name Record and Interactive Advance Passenger Information (IAPI) programs, and reflects the June 2020 implementation of the Air Exit program, which applies to outbound flights. In addition, the embedded links have been updated as necessary"--In brief, page [1].
650 0|aAirlines|xPassenger lists|zCanada.
650 0|aAirline passenger security screening|zCanada.
7102 |aCanada Border Services Agency, |eissuing body.
77508|tLignes directrices à l'intention des transporteurs aériens commerciaux pour le traitement des renseignements réglementaires relatifs aux voyageurs.|w(CaOODSP)9.901666
794 |tGuidelines for commercial air carriers for the processing of prescribed traveller information.|b[December 2, 2021 edition]|w(CaOODSP)9.912297
795 |tGuidelines for commercial air carriers for the processing of prescribed traveller information |b[April 17, 2018 edition]|w(CaOODSP)9.856593
830#0|aMemorandum (Canada Border Services Agency)|x2369-2391 ; |vD2-5-11.|w(CaOODSP)9.816825
85640|qPDF|s349 KB|uhttps://publications.gc.ca/collections/collection_2021/asfc-cbsa/Rv55-8-2-5-11-2020-eng.pdf